|
|
|
|
| LEADER |
00000cam a2200000 a 4500 |
| 001 |
vtls008320829 |
| 003 |
SK-MaSNL |
| 005 |
20260301144708.0 |
| 008 |
230403s1958 xo oal f p 000 0 slo |
| 015 |
|
|
|a SNBA1958/07-00971
|
| 020 |
|
|
|q (viazané)
|
| 035 |
|
|
|a SK01SNK19580013046
|
| 035 |
|
|
|a urn:nbn:sk:snk-am3igmn
|
| 035 |
|
|
|a 8FEBA75A-4261-42DB-840B-B88661DC4286
|
| 035 |
|
|
|a urn:nbn:sk:snk-am00edbb
|
| 035 |
|
|
|a SKM000015509
|
| 040 |
|
|
|a SNK
|b slo
|c SNK
|e AACR2
|
| 041 |
1 |
|
|a slo
|h cze
|
| 044 |
|
|
|a xo
|c SK
|
| 072 |
|
7 |
|a 636
|x Chov zvierat. Živočíšna výroba
|2 konspekt
|
| 072 |
|
7 |
|a 37.016
|x Učebné osnovy. Vyučovacie predmety. Učebnice
|2 konspekt
|
| 080 |
|
|
|a 636.1/.4(075.3)(084.1)
|2 1981
|
| 080 |
|
|
|a 636
|2 2011
|
| 080 |
|
|
|a 636.1/.5
|2 2001
|
| 080 |
|
|
|a 636.1/.2
|2 2001
|
| 080 |
|
|
|a 636.08
|2 2011
|
| 080 |
|
|
|a 636.084
|2 2011
|
| 080 |
|
|
|a 636.4: 638.08
|2 2011
|
| 080 |
|
|
|a 636.32/.38:638.08
|2 2001
|
| 080 |
|
|
|a 636.083.31
|2 2011
|
| 080 |
|
|
|a (075.3)
|2 2011
|
| 080 |
|
|
|a 636.083
|2 2011
|
| 100 |
1 |
|
|a Kotal, Václav
|4 aut
|9 342759
|
| 240 |
1 |
0 |
|a Chov zvířat, Chov velkých hospodářských zvířat
|l Slovensky
|
| 245 |
1 |
0 |
|a Chov zvierat
|b chov veľkých hospodárskych zvierat : učebný text pre poľnohospodárske majstrovské školy
|c Václav Kotal, Alexander Jukl ; [z českého originálu Chov zvířat, Chov velkých hospodářských zvířat poslovenčili Ján Bíloveský a Helena Tadejová]
|
| 250 |
|
|
|a 2. doplnené a prepracované vyd.
|
| 260 |
|
|
|a Bratislava
|b Slovenské vydavateľstvo pôdohospodárskej literatúry
|c 1958
|
| 300 |
|
|
|a 286 strán
|b fotografie, ilustrácie, schémy, tabuľky
|c 25 cm
|
| 366 |
|
|
|e 2200 kusov
|
| 490 |
1 |
|
|a Učebnice
|v zv. 182
|
| 500 |
|
|
|a Poznámky pod čiarou
|
| 650 |
0 |
7 |
|a hospodárske zvieratá
|2 SNKPH
|9 1097
|
| 650 |
0 |
7 |
|a veľké hospodárske zvieratá
|2 SNKPH
|9 2800
|
| 650 |
0 |
7 |
|a chov hospodárskych zvierat
|2 SNKPH
|9 2802
|
| 650 |
0 |
7 |
|a živočíšna výroba
|2 SNKPH
|9 2836
|
| 650 |
0 |
7 |
|a chov hovädzieho dobytka
|2 SNKPH
|9 57341
|
| 650 |
0 |
7 |
|a kŕmenie hospodárskych zvierat
|2 SNKPH
|9 2810
|
| 650 |
0 |
7 |
|a zootechnika
|2 SNKPH
|9 68200
|
| 650 |
0 |
7 |
|a chov ošípaných
|2 SNKPH
|9 51877
|
| 650 |
0 |
7 |
|a chov koní
|2 SNKPH
|9 30011
|
| 650 |
0 |
7 |
|a chov oviec
|2 SNKPH
|9 29711
|
| 650 |
0 |
7 |
|a chov kôz
|2 SNKPH
|9 57084
|
| 650 |
0 |
7 |
|a ustajnenie hospodárskych zvierat
|2 SNKPH
|9 70346
|
| 650 |
0 |
7 |
|a starostlivosť o zvieratá
|2 SNKPH
|9 31078
|
| 655 |
|
7 |
|a učebnice stredných škôl
|2 SNKPH
|9 69323
|
| 700 |
1 |
|
|a Jukl, Alexander
|4 aut
|9 307483
|
| 700 |
1 |
|
|a Bíloveský, Ján
|4 trl
|9 493263
|
| 700 |
1 |
|
|a Tadejová, Helena
|4 trl
|9 493264
|
| 830 |
|
0 |
|a Učebnice
|9 268183
|
| 852 |
|
|
|a Slovenská národná knižnica
|
| 954 |
|
|
|a odborná, vedecká literatúra cudzojazyčná (svetová)
|2 lita
|
| 958 |
|
|
|a RK
|
| 958 |
|
|
|a TL
|
| 958 |
|
|
|a CZ
|
| 958 |
|
|
|a OND
|
| 958 |
|
|
|a SP
|
| 958 |
|
|
|a OP
|
| 958 |
|
|
|a EUIPO
|
| 999 |
|
|
|c 777902
|d 779832
|
| 952 |
|
|
|a SNK
|b SNK
|y VYP
|7 0
|p 17A0515018
|o snkSC 11825 D1
|i snkKSP 2442/58
|0 0
|1 0
|4 0
|d 2006-09-29
|l 0
|r 2026-02-24 00:55:16
|w 2026-02-24
|
| 952 |
|
|
|a SNK
|b SNK
|y PREZ
|7 0
|p 17A0826787
|o snkSC 11825
|i snkKSP 2441/58
|0 0
|1 0
|4 0
|d 2012-08-23
|f 1
|l 0
|r 2025-07-11 00:00:00
|w 2026-02-24
|